000 01410namaa22003251i 4500
003 EG-GICUC
005 20251109114404.0
008 251109b1991 ts ||||jr|||| 001 p ara d
040 _aEG-GiCUC
_bara
_cEG-GiCUC
_dEG-GiCUC
_erda
082 0 4 _221
_a811.94
_bA3165
092 0 4 _221
_a811.94
_b A3165
099 _a811.94 A3165
100 1 _aالوراق، محمود بن الحسن
_d844حو-
_eمؤلف.
245 1 0 _aديوان محمود الوراق :
_bشاعر الحمكة والموعظة /
_cالوراق، محمود بن الحسن ؛ جمع ودراسة وتحقيق أ.د وليد قصاب
250 _aالطبعة الاولى
264 _a[غير محدد]
_b[غير محدد]
_c1991.
264 _aدبى (الامارات) :
_bمطابع البيان التجارية،
_c1991.
300 _a309 صفحة ؛
_c24 سم
336 _2rdacontent
_atext
337 _2rdamedia
_aUnmediated
338 _2rdacarrier
_avolume
504 _aيشتمل على ارجاعات ببليوجرافية وكشافات.
541 _aد. جابر عصفور ؛
_bالقاهرة ؛
_cإهداء ؛
_d2024.
600 _aالوراق، محمود بن الحسن
_d844حو-
650 1 7 _aالشعر العربى
_xدواوين وقصائد
_yالعصر العباسى الاول
_2qrmak
651 1 _2qrmak
700 1 _aقصاب، وليد
_eمحقق.
905 _aNermeen
942 _2ddc
_cBK
_e21
_n0
999 _c175644
_d175644